Schnelle Mathematik - Multiplikation zur Basis 3 Level 01 - Statistiken

Allgemein
  • Dieses Quiz wurde 96 mal gespielt
  • Das Durchschnittsergebnis liegt bei 18 aus 20
Antwortstatistiken
Frage Antwort % Korrekt
1⋅1 1
100%
1⋅0 0
97%
10⋅10 100
97%
10⋅10 100
97%
1⋅2 2
97%
0⋅0 0
94%
0⋅1 0
94%
0⋅2 0
94%
2⋅0 0
94%
0⋅0 0
94%
1⋅10 10
94%
10⋅1 10
94%
2⋅1 2
94%
0⋅10 0
92%
10⋅0 0
92%
1⋅1 1
92%
2⋅10 20
89%
10⋅2 20
89%
2⋅2 11
33%
2⋅2 11
33%
Keine übereinstimmenden Quizze gefunden
Verteilung der Resultate
Anzahl Personen mit jedem Resultat
Perzentil nach korrekt beantworteten Fragen
Ihre Resultats-Entwicklung
Sie haben dieses Quiz noch nicht gespielt